000 00693nam a2200181Ia 4500
008 090630s9999 xx 000 0 und d
082 _b10662
100 _aसिनकर श्रीकांत.
245 _aचेक्सचा चक्रव्युह.
_cसिनकर श्रीकांत.
260 _bचंद्रमौळी - पुणे.
_c1990
300 _a144
600 _aसिनकर श्रीकांत.
630 _aचेक्सचा चक्रव्युह.
655 _aलघुकथा.
700 _aसिनकर श्रीकांत.
730 _aचेक्सचा चक्रव्युह.
942 _cBOOK
999 _c262518
_d262518